000 02501cam a22004574i 4500
003 PE-LiUPU
005 20250731165408.0
008 151016s2014 pe a grm 000 0 spa d
035 _a(Sirsi) a154900
040 _aPE-LiUPU
_bspa
_cPE-LiUPU
_erda
082 0 4 _a286.73206581
_bM79 T3
099 _aTA 3
_bM79 2014
100 1 _aMorales Barrera, Yarith Milena
_eautor
245 1 _aRelación entre plan de capacitación y desempeño de tesoreros de Iglesia de la Misión Ecuatoriana del Sur, durante los años 2012-2013 /
_cYarith Milena Morales Barrera.
264 0 _c2014.
300 _a90 hojas :
_bilustraciones;
_c30 cm
336 _atext
_2rdacontent
337 _aunmediated
_2rdamedia
338 _avolume
_2rdacarrier
502 _aTesis
_b(Mg.) --
_cUniversidad Peruana Unión,
_d2014.
504 _aIncluye referencias
520 3 _aEn la Iglesia Adventista del Séptimo día a nivel mundial se nombran para cada iglesia un tesorero, quien es el encargado de custodiar todos los fondos de la iglesia y cumplir con las funciones y responsabilidades asignadas según el Manual de Iglesia. Por esto es importante averiguar ¿Cuál es la relación entre la capacitación permanente y el desempeño de tesoreros de iglesia de la Misión Ecuatoriana del Sur durante los años 2012 y 2013?. Los datos obtenidos al aplicar el instrumento fueron sometidos a la prueba estadística de Rho spearman, donde se aprecia que la capacitación permanente guarda relación significativa con desempeño del tesorero de iglesia, hallándose con un valor calculado donde p = 0.001 a un nivel de significativa de 0,01 (bilateral), y un nivel de relación de 0,520; lo cual indica la correlación media. Estos resultados ayudan a darle una gran importancia a la capacitación que la Misión Ecuatoriana del sur debe brindar a los tesoreros de iglesia para que su desempeño sea efectivo al momento de realizar sus funciones.
526 _aSEG44
526 _aSEG26
526 _aP151
526 _aP150
526 _aP149
526 _aP146
526 _aP145
526 _aP126
526 _aP125
526 _aP92
526 _aP75
526 _aP74
526 _aP27
526 _aP15
610 0 4 _aAdventistas del Séptimo Día
_xAdministración financiera
_vTesis.
596 _a1
942 _2ddc
_cTESIS
999 _aTA 3 M79 2014
_wALPHANUM
_c7594
_iT01776
_lCCODEBUL3
_mBUL
_r1
_sY
_tTESIS
_u2015-10-16
_xPOSGRADO
_PP47
_o.STAFF. Tesis
_d7594
980 _81
_gALBERTO SANCHEZ Responsable de Automatización